000 01088nam a22002777a 4500
001 03034
003 HDC
007 cr bn ---aaaaa
008 201227b20022002tai||||| |||| 00| 0 eng d
040 _aHDC
110 _aFood and Fertilizer Technology Center (FFTC)
_eauthor
245 0 _aFFTC Research Highlights
_b: Taxonomy, biology and predation efficiency of lynx spider on fruit fly
_c/ Department of Agriculture, Thailand
260 _aTaiwan:
_bFood and Fertilizer Technology Center,
_c2002
300 _a1 online resource (2 pages)
336 _atext
_2rdacontent
337 _acomputer
_2rdamedia
338 _aonline resource
_2rdacarrier
500 _aExtract from: FFTC Research Highlights, March 2002
650 _aAgricultural pests
_xControl
_91750
650 _aNatural pesticides
_91749
710 _aDepartment of Agriculture, Thailand
856 _zRequest full-text at [email protected]
942 _2lcc
942 _cAR
942 _kEMAG 000160
999 _c420
_d420